Fuera de servicio : balance de una vida /

Uloženo v:
Podrobná bibliografie
Hlavní autor: Schmidt, Helmut (autor)
Další autoři: Solana Madariaga, Javier (prólogo) (prólogo)
Médium: Kniha
Jazyk:španělština
Vydáno: Barcelona, España : Icaria : Escuela de Política Exterior : Fundación para las Relaciones Internacionales y el Diálogo Exterior, 2009, c2009
Edice:(Antrazyt ; Política Exterior) 316.
Témata:
Tagy: Přidat tag
Žádné tagy, Buďte první, kdo vytvoří štítek k tomuto záznamu!

MARC

LEADER 00000nam^a2200000^a^4500
001 000411721
005 20250521000000.0
009 20260310122119.598
020 |a 978-84-9888-146-2 
037 |a Acervo ITESO - Biblioteca 
041 |a ESP 
082 |a 320. 943087  |b SCH 
100 |a Schmidt, Helmut  |e (autor) 
245 1 0 |a Fuera de servicio :  |b balance de una vida /  |c H. Schmidt ; pról. de J. Solana Madariaga ; tr. por Carlos Fortea. 
264 4 |a Barcelona, España :  |b Icaria :  |b Escuela de Política Exterior :  |b Fundación para las Relaciones Internacionales y el Diálogo Exterior,  |c 2009, c2009 
300 |a 319 p. 
336 |a texto  |b txt  |2 rdacontenido 
337 |a sin mediación  |b n  |2 rdamedio 
338 |a volumen  |b nc  |2 rdasoporte 
440 1 |a (Antrazyt ;  |v 316.  |p Política Exterior) 
500 |a Traducción de: Ausser Dienst. Eine Bilanz by Helmut Schmidt 
521 |a FIL 2018 DIA 
649 |a XX 
650 |a Jefes de Estado Alemanes -  |x Memorias 
650 |a Políticos Alemanes -  |x Memorias 
650 |a Alemania -  |x Condiciones Políticas 
650 |a Política -  |z Alemania -  |x Historia -  |y 1982-1990 
650 |a Política -  |z Alemania -  |x Historia -  |y RFA, 1949-1990 
650 |a Política -  |z Alemania -  |x Historia -  |y RDA y RFA, 1949-1990 
650 |a Política -  |z Alemania -  |x Historia -  |y 1990 en Adelante -  |x Tema Principal 
650 |a Política -  |z Alemania -  |x Historia -  |y Siglo XX 
650 |a Política -  |z Alemania -  |x Historia -  |y Siglo XXI 
650 |a Europa -  |x Condiciones Políticas 
650 |a Política -  |z Europa -  |x Historia -  |y 1989-2000 
650 |a Política -  |z Europa -  |x Historia -  |y Siglo XX 
650 |a Política -  |z Europa -  |x Historia -  |y Siglo XXI 
650 |a Política Internacional -  |x Historia -  |y 1980-1989 
650 |a Política Internacional -  |x Historia -  |y 1990-1999 
650 |a Política Internacional -  |x Historia -  |y 2000-2009 
650 |a Política Internacional -  |x Historia -  |y Siglo XX 
650 |a Política Internacional -  |x Historia -  |y Siglo XXI 
650 |a Schmidt, Helmut -  |x Tema Principal 
700 |a Solana Madariaga, Javier  |e (prólogo) 
910 |a Fondo General 
920 |a Impresos - Libros 
930 |a Colección General 
905 |a 101 
901 |a 0500312924  |b IT1  |c ACC  |i C164546  |u 20250521 
902 |a https://opac.biblio.iteso.mx/vufind/Record/000411721